[Event "WTCC-50 2018"]
[Site "Radebeul"]
[Date "2018.07.10"]
[Round "4"]
[White "Schweitzer, Andreas"]
[Black "Fraser-Mitchell, Jeremy N"]
[Result "1-0"]
[WhiteElo "2239"]
[BlackElo "2060"]
[Annotator "NA"]
[PlyCount "59"]
[EventDate "2018.07.07"]
[EventType "team-tourn"]
[EventCountry "GER"]
[SourceTitle "playchess.com"]
[Source "ChessBase"]
[SourceQuality "1"]
[TimeControl "40/5400+30:1800+30"]

1. e4 {[%emt 0:00:00]} e6 {[%emt 0:09:25]} 2. d4 {[%emt 0:00:00]} d5 {[%emt 0:00:23]} 3. Bd3 {[%emt 0:00:08]} dxe4 {[%emt 0:09:11]} 4. Bxe4 {[%emt 0:00:13]} Nf6 {[%emt 0:00:06]} 5. Bf3 {[%emt 0:00:08]} Be7 {[%emt 0:04:06]} 6. Ne2 {[%emt 0:01:28]} O-O {[%emt 0:00:10]} 7. Nbc3 {[%emt 0:00:51]} c6 {[%emt 0:06:09]} 8. O-O {[%emt 0:02:00]} Nbd7 {[%emt 0:00:27]} 9. Bf4 {[%emt 0:05:57]} Nb6 {[%emt 0:04:39]} 10. Qd3 {[%emt 0:22:54]} Nbd5 {[%emt 0:06:01]} 11. Be5 {[%emt 0:02:08]} b6 {[%emt 0:11:40]} 12. Ne4 {[%emt 0:01:36]} Bb7 {[%emt 0:04:17]} 13. c4 {[%emt 0:03:49]} Nc7 {[%emt 0:07:37]} 14. Rad1 {[%emt 0:09:01]} Rc8 {[%emt 0:05:05]} 15. Rfe1 {[%emt 0:18:19]} Nce8 {[%emt 0:01:33]} 16. N2c3 {[%emt 0:06:52]} Nxe4 {[%emt 0:04:51]} 17. Bxe4 {[%emt 0:02:14]} g6 {[%emt 0:00:35]} 18. Qg3 {[%emt 0:01:30]} Ng7 {[%emt 0:07:26]} 19. Qh3 {[%emt 0:02:56]} Bd6 {[%emt 0:03:55]} 20. c5 {[%emt 0:02:33]} Bxe5 {[%emt 0:00:46]} 21. dxe5 {[%emt 0:00:02]} Qe7 {[%emt 0:00:34]} 22. Qe3 {[%emt 0:00:55]} Qc7 {[%emt 0:05:06]} 23. Bc2 {[%emt 0:05:30]} f5 {[%emt 0:02:13]} 24. exf6 {[%emt 0:00:30]} Rxf6 {[%emt 0:00:04]} 25. Ne4 {[%emt 0:01:07]} Rff8 {[%emt 0:00:12]} 26. Nd6 {[%emt 0:01:01]} Rcd8 {[%emt 0:00:34]} 27. Bb3 {[%emt 0:00:22]} bxc5 {[%emt 0:00:33]} 28. Bxe6+ {[%emt 0:00:57]} Nxe6 {[%emt 0:01:30]} 29. Qxe6+ {[%emt 0:00:02]} Kh8 {[%emt 0:01:23]} 30. Nf7+ {[%emt 0:01:18]} 1-0

[Event "WTCC-50 2018"]
[Site "Radebeul"]
[Date "2018.07.10"]
[Round "4"]
[White "Pieper, Thomas"]
[Black "Page, Mark E"]
[Result "1-0"]
[WhiteElo "2208"]
[BlackElo "2139"]
[Annotator "RC"]
[PlyCount "111"]
[EventDate "2018.07.07"]
[EventType "team-tourn"]
[EventCountry "GER"]
[SourceTitle "playchess.com"]
[Source "ChessBase"]
[SourceQuality "1"]
[TimeControl "40/5400+30:1800+30"]

1. e4 {[%emt 0:00:00]} c5 {[%emt 0:00:00]} 2. Nf3 {[%emt 0:00:00]} d6 {[%emt 0:00:00]} 3. d4 {[%emt 0:00:00]} cxd4 {[%emt 0:00:00]} 4. Nxd4 {[%emt 0:00:00]} Nf6 {[%emt 0:00:00]} 5. Nc3 {[%emt 0:00:03]} a6 {[%emt 0:00:03]} 6. Bg5 {[%emt 0:01:59]} e6 {[%emt 0:00:20]} 7. f4 {[%emt 0:00:05]} Nc6 {[%emt 0:01:24]} 8. Nxc6 {[%emt 0:01:40]} bxc6 {[%emt 0:00:06]} 9. e5 {[%emt 0:01:01]} h6 {[%emt 0:00:07]} 10. Bh4 {[%emt 0:00:48]} g5 {[%emt 0:00:06]} 11. fxg5 {[%emt 0:00:45]} Nd5 {[%emt 0:00:22]} 12. Ne4 {[%emt 0:08:50]} Qb6 {[%emt 0:02:13]} 13. Bd3 {[%emt 0:06:53]} hxg5 {[%emt 0:05:08]} 14. Bxg5 {[%emt 0:16:27]} Qxb2 {[%emt 0:03:32]} 15. Nf6+ {[%emt 0:04:39]} Nxf6 {[%emt 0:01:05]} 16. Bxf6 {[%emt 0:00:06]} Qb4+ {[%emt 0:09:31]} 17. Qd2 {[%emt 0:02:54]} Qxd2+ {[%emt 0:08:49]} 18. Kxd2 {[%emt 0:00:17]} Rg8 {[%emt 0:00:04]} 19. Be4 {[%emt 0:14:06]} d5 {[%emt 0:06:37]} 20. Bf3 {[%emt 0:00:09]} Be7 {[%emt 0:04:19]} 21. Bxe7 {[%emt 0:02:23]} Kxe7 {[%emt 0:01:45]} 22. Rab1 {[%emt 0:00:35]} f6 {[%emt 0:07:58]} 23. exf6+ {[%emt 0:00:40]} Kxf6 {[%emt 0:00:06]} 24. Rb6 {[%emt 0:01:07]} Bd7 {[%emt 0:00:15]} 25. h4 {[%emt 0:04:19]} Ke7 {[%emt 0:06:50]} 26. c4 {[%emt 0:07:13]} Kd6 {[%emt 0:04:18]} 27. Kc3 {[%emt 0:04:29]} Kc5 {[%emt 0:11:40]} 28. Rb7 {[%emt 0:01:05]} Rad8 {[%emt 0:00:46]} 29. Re1 {[%emt 0:01:18]} Bc8 {[%emt 0:08:07]} 30. Rf7 {[%emt 0:04:15]} Rdf8 {[%emt 0:01:55]} 31. Rxf8 {[%emt 0:01:45]} Rxf8 {[%emt 0:00:01]} 32. h5 {[%emt 0:05:06]} Rf4 {[%emt 0:01:06]} 33. cxd5 {[%emt 0:00:46]} cxd5 {[%emt 0:03:35]} 34. Kd3 {[%emt 0:01:31]} Kd6 {[%emt 0:01:07]} 35. Ke3 {[%emt 0:00:53]} e5 {[%emt 0:01:33]} 36. g3 {[%emt 0:01:06]} Ra4 {[%emt 0:00:39]} 37. Re2 {[%emt 0:05:56]} Ra3+ {[%emt 0:07:13]} 38. Kf2 {[%emt 0:00:07]} e4 {[%emt 0:00:38]} 39. Bg2 {[%emt 0:01:47]} Bf5 {[%emt 0:03:40]} 40. h6 {[%emt 0:01:52]} Ke5 {[%emt 0:00:25]} 41. Rb2 {[%emt 0:10:52]} d4 {[%emt 0:03:03]} 42. g4 {[%emt 0:07:47]} Bh7 {[%emt 0:04:57]} 43. Rb7 {[%emt 0:00:56]} Rxa2+ {[%emt 0:00:12]} 44. Kg3 {[%emt 0:01:35]} Ra3+ {[%emt 0:03:14]} 45. Kh2 {[%emt 0:03:33]} Bg6 {[%emt 0:02:55]} 46. Rg7 {[%emt 0:01:57]} Kf6 {[%emt 0:07:47]} 47. g5+ {[%emt 0:00:14]} Kf5 {[%emt 0:00:01]} 48. Bxe4+ {[%emt 0:00:29]} Kxe4 {[%emt 0:00:52]} 49. Rxg6 {[%emt 0:00:09]} Ra2+ {[%emt 0:01:17]} 50. Kg3 {[%emt 0:01:10]} Ra3+ {[%emt 0:01:20]} 51. Kg4 {[%emt 0:01:01]} d3 {[%emt 0:00:21]} 52. Re6+ {[%emt 0:01:08]} Kd5 {[%emt 0:00:12]} 53. Re8 {[%emt 0:00:14]} d2 {[%emt 0:10:39]} 54. Rd8+ {[%emt 0:00:12]} Ke6 {[%emt 0:00:04]} 55. Rxd2 {[%emt 0:02:07]} Kf7 {[%emt 0:00:37]} 56. Rd7+ {[%emt 0:00:45]} 1-0

[Event "WTCC-50 2018"]
[Site "Radebeul"]
[Date "2018.07.10"]
[Round "4"]
[White "Rohrmueller, Ulrich"]
[Black "Rewitz, Jan"]
[Result "1/2-1/2"]
[WhiteElo "2205"]
[BlackElo "2055"]
[Annotator "NA"]
[PlyCount "85"]
[EventDate "2018.07.07"]
[EventType "team-tourn"]
[EventCountry "GER"]
[SourceTitle "playchess.com"]
[Source "ChessBase"]
[SourceQuality "1"]
[TimeControl "40/5400+30:1800+30"]

1. Nf3 {[%emt 0:00:00]} Nf6 {[%emt 0:00:03]} 2. d4 {[%emt 0:00:27]} g6 {[%emt 0:00:07]} 3. Bf4 {[%emt 0:00:20]} Bg7 {[%emt 0:01:00]} 4. e3 {[%emt 0:00:11]} d6 {[%emt 0:00:58]} 5. h3 {[%emt 0:00:50]} O-O {[%emt 0:00:24]} 6. Be2 {[%emt 0:00:10]} c5 {[%emt 0:03:52]} 7. c3 {[%emt 0:00:27]} cxd4 {[%emt 0:02:21]} 8. exd4 {[%emt 0:00:20]} Nd5 {[%emt 0:07:12]} 9. Bh2 {[%emt 0:11:30]} Bh6 {[%emt 0:02:03]} 10. O-O {[%emt 0:01:03]} Nf4 {[%emt 0:00:33]} 11. Bc4 {[%emt 0:01:38]} Nc6 {[%emt 0:03:28]} 12. Re1 {[%emt 0:00:34]} Qc7 {[%emt 0:06:13]} 13. Na3 {[%emt 0:03:09]} a6 {[%emt 0:04:59]} 14. Bf1 {[%emt 0:01:42]} b5 {[%emt 0:03:29]} 15. Nc2 {[%emt 0:00:30]} e5 {[%emt 0:01:54]} 16. a4 {[%emt 0:07:30]} Rb8 {[%emt 0:00:42]} 17. axb5 {[%emt 0:00:15]} axb5 {[%emt 0:00:03]} 18. Ne3 {[%emt 0:00:36]} Ne7 {[%emt 0:10:48]} 19. Ng4 {[%emt 0:16:56]} Bxg4 {[%emt 0:02:14]} 20. hxg4 {[%emt 0:00:06]} Bg7 {[%emt 0:07:48]} 21. Bxf4 {[%emt 0:08:49]} exf4 {[%emt 0:00:03]} 22. Qb3 {[%emt 0:01:57]} Nc6 {[%emt 0:08:44]} 23. Qd5 {[%emt 0:03:59]} b4 {[%emt 0:08:53]} 24. Ra6 {[%emt 0:07:51]} Rbc8 {[%emt 0:03:18]} 25. c4 {[%emt 0:08:33]} b3 {[%emt 0:01:55]} 26. Ra4 {[%emt 0:08:43]} Qd7 {[%emt 0:02:20]} 27. c5 {[%emt 0:03:32]} Nb8 {[%emt 0:07:39]} 28. Qxb3 {[%emt 0:01:29]} dxc5 {[%emt 0:00:21]} 29. dxc5 {[%emt 0:00:08]} Rxc5 {[%emt 0:01:15]} 30. Rxf4 {[%emt 0:00:33]} Nc6 {[%emt 0:00:55]} 31. Rd1 {[%emt 0:03:34]} Qc7 {[%emt 0:00:41]} 32. Qe3 {[%emt 0:00:27]} Ne5 {[%emt 0:02:00]} 33. Nxe5 {[%emt 0:03:19]} Rxe5 {[%emt 0:02:23]} 34. Qd3 {[%emt 0:02:31]} Rc5 {[%emt 0:01:45]} 35. Rc4 {[%emt 0:01:30]} Rxc4 {[%emt 0:00:52]} 36. Qxc4 {[%emt 0:00:06]} Qxc4 {[%emt 0:00:08]} 37. Bxc4 {[%emt 0:00:05]} Bxb2 {[%emt 0:00:02]} 38. Rd7 {[%emt 0:00:20]} h6 {[%emt 0:00:26]} 39. g3 {[%emt 0:00:35]} Kg7 {[%emt 0:00:13]} 40. Kg2 {[%emt 0:00:25]} Bf6 {[%emt 0:01:05]} 41. f4 {[%emt 0:33:12]} Bc3 {[%emt 0:32:51]} 42. Kf3 {[%emt 0:00:00]} Bf6 {[%emt 0:00:00]} 43. Rb7 1/2-1/2

[Event "WTCC-50 2018"]
[Site "Radebeul"]
[Date "2018.07.10"]
[Round "4"]
[White "Polster, Wolfgang"]
[Black "Casper, Thomas"]
[Result "1/2-1/2"]
[WhiteElo "2203"]
[BlackElo "2354"]
[Annotator "NA"]
[PlyCount "85"]
[EventDate "2018.07.07"]
[EventType "team-tourn"]
[EventCountry "GER"]
[SourceTitle "playchess.com"]
[Source "ChessBase"]
[SourceQuality "1"]
[TimeControl "40/5400+30:1800+30"]

1. e4 e6 {[%emt 0:00:00]} 2. d4 {[%emt 0:00:04]} d5 {[%emt 0:00:14]} 3. Nd2 {[%emt 0:00:07]} c5 {[%emt 0:00:50]} 4. Ngf3 {[%emt 0:00:16]} Nc6 {[%emt 0:00:33]} 5. exd5 {[%emt 0:00:38]} exd5 {[%emt 0:00:32]} 6. Bb5 {[%emt 0:00:33]} Bd6 {[%emt 0:00:45]} 7. O-O {[%emt 0:00:28]} Nge7 {[%emt 0:00:16]} 8. c4 {[%emt 0:00:29]} a6 {[%emt 0:14:35]} 9. cxd5 {[%emt 0:07:19]} axb5 {[%emt 0:06:04]} 10. dxc6 {[%emt 0:05:27]} Nxc6 {[%emt 0:43:58]} 11. dxc5 {[%emt 0:04:44]} Bxc5 {[%emt 0:00:15]} 12. Ne4 {[%emt 0:02:39]} Qxd1 {[%emt 0:01:04]} 13. Rxd1 {[%emt 0:00:18]} Be7 {[%emt 0:00:04]} 14. Bf4 {[%emt 0:09:26]} O-O {[%emt 0:07:31]} 15. Bd6 {[%emt 0:03:57]} Bxd6 {[%emt 0:02:00]} 16. Nxd6 {[%emt 0:02:50]} b4 {[%emt 0:00:15]} 17. h3 {[%emt 0:04:30]} h6 {[%emt 0:04:08]} 18. Rd2 {[%emt 0:07:09]} Ra7 {[%emt 0:03:54]} 19. b3 {[%emt 0:03:03]} Be6 {[%emt 0:02:23]} 20. Rc1 {[%emt 0:00:14]} Rd8 {[%emt 0:01:11]} 21. Rcc2 {[%emt 0:02:20]} Kf8 {[%emt 0:02:44]} 22. g4 {[%emt 0:05:56]} g6 {[%emt 0:00:54]} 23. Kh2 {[%emt 0:02:38]} Ke7 {[%emt 0:02:20]} 24. Nb5 {[%emt 0:06:19]} Rxd2 {[%emt 0:00:13]} 25. Rxd2 {[%emt 0:01:25]} Ra5 {[%emt 0:00:13]} 26. Nfd4 {[%emt 0:01:27]} Bd7 {[%emt 0:02:28]} 27. Re2+ {[%emt 0:00:27]} Kf8 {[%emt 0:01:05]} 28. Kg3 {[%emt 0:01:34]} Ne7 {[%emt 0:01:13]} 29. Nc7 {[%emt 0:01:14]} Nc6 {[%emt 0:00:52]} 30. Nf3 {[%emt 0:00:46]} Rc5 {[%emt 0:01:14]} 31. Rd2 {[%emt 0:00:25]} Bc8 {[%emt 0:00:52]} 32. Nd5 {[%emt 0:00:27]} Be6 {[%emt 0:00:13]} 33. Nf4 {[%emt 0:01:33]} Bc8 {[%emt 0:00:41]} 34. Nd4 {[%emt 0:01:45]} Ke7 {[%emt 0:00:33]} 35. f3 {[%emt 0:00:36]} Ra5 {[%emt 0:00:30]} 36. Nfe2 {[%emt 0:00:52]} Be6 {[%emt 0:00:39]} 37. Nxe6 {[%emt 0:10:26]} Kxe6 {[%emt 0:00:02]} 38. f4 {[%emt 0:01:03]} Rc5 {[%emt 0:00:55]} 39. Kf3 {[%emt 0:00:18]} Ra5 {[%emt 0:00:25]} 40. Ke4 {[%emt 0:01:00]} f5+ {[%emt 0:00:27]} 41. gxf5+ {[%emt 0:31:27]} gxf5+ {[%emt 0:02:37]} 42. Ke3 {[%emt 0:00:00]} Rc5 {[%emt 0:03:06] Ke4 Ke5+} 43. Kf3 {[%emt 0:00:00]} 1/2-1/2

[Event "WTCC-50 2018"]
[Site "Radebeul"]
[Date "2018.07.10"]
[Round "4"]
[White "Pedersen, Gunnar"]
[Black "Grawe, Christian"]
[Result "1/2-1/2"]
[WhiteElo "2201"]
[BlackElo "2231"]
[Annotator "NA"]
[PlyCount "31"]
[EventDate "2018.07.07"]
[EventType "team-tourn"]
[EventCountry "GER"]
[SourceTitle "playchess.com"]
[Source "ChessBase"]
[SourceQuality "1"]
[TimeControl "40/5400+30:1800+30"]

1. d4 {[%emt 0:00:00]} Nf6 {[%emt 0:00:00]} 2. Nf3 {[%emt 0:00:03]} d5 {[%emt 0:00:25]} 3. c4 {[%emt 0:00:07]} c6 {[%emt 0:00:05]} 4. Nc3 {[%emt 0:00:18]} dxc4 {[%emt 0:00:34]} 5. e4 {[%emt 0:00:36]} b5 {[%emt 0:00:15]} 6. e5 {[%emt 0:00:15]} Nd5 {[%emt 0:00:08]} 7. a4 {[%emt 0:00:18]} e6 {[%emt 0:00:23]} 8. Ng5 {[%emt 0:00:59]} Be7 {[%emt 0:00:48]} 9. Nge4 {[%emt 0:00:14]} b4 {[%emt 0:03:10]} 10. Nb1 {[%emt 0:07:11]} Ba6 {[%emt 0:00:47]} 11. Nbd2 {[%emt 0:00:23]} c3 {[%emt 0:01:14]} 12. Nc4 {[%emt 0:00:20]} cxb2 {[%emt 0:00:27]} 13. Bxb2 {[%emt 0:00:34]} O-O {[%emt 0:03:54]} 14. Rc1 {[%emt 0:28:26]} Nd7 {[%emt 0:10:21]} 15. Be2 {[%emt 0:02:11]} N7b6 {[%emt 0:15:23]} 16. Nxb6 {[%emt 0:07:18]} 1/2-1/2

[Event "WTCC-50 2018"]
[Site "Radebeul"]
[Date "2018.07.10"]
[Round "4"]
[White "Schoeneberg, Manfred"]
[Black "Hutschenreiter, Joerg"]
[Result "1/2-1/2"]
[WhiteElo "2199"]
[BlackElo "2023"]
[Annotator "NA"]
[PlyCount "23"]
[EventDate "2018.07.07"]
[EventType "team-tourn"]
[EventCountry "GER"]
[SourceTitle "playchess.com"]
[Source "ChessBase"]
[SourceQuality "1"]
[TimeControl "40/5400+30:1800+30"]

1. e4 {[%emt 0:01:06]} c5 {[%emt 0:00:00]} 2. Nf3 {[%emt 0:00:18]} d6 {[%emt 0:00:00]} 3. d4 {[%emt 0:00:37]} cxd4 {[%emt 0:00:00]} 4. Qxd4 {[%emt 0:00:24]} a6 {[%emt 0:00:52]} 5. Be3 {[%emt 0:00:53]} Nf6 {[%emt 0:00:57]} 6. Nc3 {[%emt 0:01:17]} e5 {[%emt 0:00:59]} 7. Qd2 {[%emt 0:05:20]} Be7 {[%emt 0:01:13]} 8. Bg5 {[%emt 0:03:44]} Nbd7 {[%emt 0:01:41]} 9. Bd3 {[%emt 0:04:55]} h6 {[%emt 0:01:56]} 10. Bxf6 {[%emt 0:02:04]} Nxf6 {[%emt 0:00:03]} 11. h3 {[%emt 0:00:26]} O-O {[%emt 0:01:44]} 12. O-O 1/2-1/2

[Event "WTCC-50 2018"]
[Site "Radebeul"]
[Date "2018.07.10"]
[Round "4"]
[White "Fatalibekova, Elena"]
[Black "Druckenthaner, Andreas"]
[Result "1/2-1/2"]
[WhiteElo "2195"]
[BlackElo "2296"]
[Annotator "NA"]
[PlyCount "50"]
[EventDate "2018.07.07"]
[EventType "team-tourn"]
[EventCountry "GER"]
[SourceTitle "playchess.com"]
[Source "ChessBase"]
[SourceQuality "1"]
[TimeControl "40/5400+30:1800+30"]

1. e4 {[%emt 0:00:00]} Nc6 {[%emt 0:00:00]} 2. Nf3 {[%emt 0:00:02]} d6 {[%emt 0:00:00]} 3. d4 {[%emt 0:00:13]} Nf6 {[%emt 0:00:02]} 4. Nc3 {[%emt 0:00:13]} g6 {[%emt 0:00:09]} 5. Be2 {[%emt 0:01:47]} Bg7 {[%emt 0:00:09]} 6. h3 {[%emt 0:01:40]} O-O {[%emt 0:00:10]} 7. Be3 {[%emt 0:00:06]} a6 {[%emt 0:02:58]} 8. O-O {[%emt 0:03:05]} e5 {[%emt 0:03:33]} 9. dxe5 {[%emt 0:03:10]} Nxe5 {[%emt 0:00:12]} 10. Nxe5 {[%emt 0:06:06]} dxe5 {[%emt 0:00:19]} 11. Qxd8 {[%emt 0:04:37]} Rxd8 {[%emt 0:00:39]} 12. Rfd1 {[%emt 0:00:02]} Be6 {[%emt 0:00:45]} 13. a4 {[%emt 0:00:02]} h6 {[%emt 0:00:51]} 14. a5 {[%emt 0:00:31]} Bf8 {[%emt 0:09:32]} 15. f3 {[%emt 0:00:10]} Kh7 {[%emt 0:09:12]} 16. Na4 {[%emt 0:04:22]} Nd7 {[%emt 0:08:36]} 17. c3 {[%emt 0:07:38]} Bb3 {[%emt 0:04:44]} 18. Rd2 {[%emt 0:00:02]} Nf6 {[%emt 0:09:10]} 19. Kf2 {[%emt 0:06:49]} Rxd2 {[%emt 0:02:54]} 20. Bxd2 {[%emt 0:00:02]} Rd8 {[%emt 0:00:28]} 21. Be3 {[%emt 0:00:44]} Nd7 {[%emt 0:11:56]} 22. Bd1 {[%emt 0:02:25]} Be6 {[%emt 0:04:38]} 23. Bc2 {[%emt 0:00:40]} Nc5 {[%emt 0:04:03]} 24. Nxc5 {[%emt 0:03:51]} Bxc5 {[%emt 0:00:20]} 25. Rd1 {[%emt 0:00:10]} Rxd1 1/2-1/2

[Event "WTCC-50 2018"]
[Site "Radebeul"]
[Date "2018.07.10"]
[Round "4"]
[White "Taggatz, Mario"]
[Black "Rewitz, Poul"]
[Result "1/2-1/2"]
[WhiteElo "2191"]
[BlackElo "2289"]
[Annotator "NA"]
[PlyCount "254"]
[EventDate "2018.07.07"]
[EventType "team-tourn"]
[EventCountry "GER"]
[SourceTitle "playchess.com"]
[Source "ChessBase"]
[SourceQuality "1"]
[TimeControl "40/5400+30:1800+30"]

1. d4 {[%emt 0:00:00]} Nf6 {[%emt 0:00:21]} 2. Nf3 {[%emt 0:00:00]} g6 {[%emt 0:01:56]} 3. Bg5 {[%emt 0:00:00]} Ne4 {[%emt 0:01:33]} 4. Bh4 {[%emt 0:00:00]} d5 {[%emt 0:01:22]} 5. e3 {[%emt 0:01:45]} c5 {[%emt 0:00:43] D03: Damenbauernspiele} (5... Bg7 6. Be2 O-O 7. O-O c5 8. Nbd2 Nc6 9. c3 cxd4 10. exd4 h6 11. Ne1 Nd6 12. Bg3 Nf5 13. Bf4 e5 14. Bxe5 Nxe5 15. dxe5 Bxe5 16. Nef3 Bg7 17. Nb3 {½-½ (35) Karthikeyan,P (2502)-Kiran,M (2160) Mumbai 2017}) 6. c3 {[%emt 0:00:52]} Qb6 {[%emt 0:01:36]} 7. Qb3 {[%emt 0:01:54]} c4 {[%emt 0:05:39]} 8. Qxb6 $146 {[%emt 0:03:18]} ({Vorgänger:} 8. Qc2 Bf5 9. Qc1 Nd7 10. Be2 Bg7 11. O-O Ndf6 12. Nbd2 Qc7 13. Nxe4 Nxe4 {1-0 (35) Maia,L (2279)-Martinez,A (2068) Sao Bernardo do Campo 2012}) 8... axb6 {[%emt 0:00:08]} 9. Nbd2 {[%emt 0:00:09]} Nxd2 {[%emt 0:03:59]} 10. Nxd2 {[%emt 0:02:49]} f5 {[%emt 0:03:16]} 11. f3 {[%emt 0:05:12]} Bh6 {[%emt 0:00:31]} 12. e4 {[%emt 0:03:20]} e6 {[%emt 0:00:33]} 13. a3 {[%emt 0:08:22]} Nc6 {[%emt 0:00:46]} 14. g4 {[%emt 0:03:32]} Na5 {[%emt 0:06:19]} 15. g5 {[%emt 0:02:09]} Bg7 {[%emt 0:03:02]} 16. exd5 {[%emt 0:04:47]} exd5 {[%emt 0:00:37]} 17. f4 {[%emt 0:00:32]} Kd7 {[%emt 0:09:50]} 18. Bg2 {[%emt 0:03:29]} Kd6 {[%emt 0:10:51]} 19. Kf2 {[%emt 0:04:10]} Bd7 {[%emt 0:01:24]} 20. Rae1 {[%emt 0:03:46]} Ba4 {[%emt 0:04:49]} 21. Re2 {[%emt 0:05:16]} Rae8 {[%emt 0:03:28]} 22. Rhe1 {[%emt 0:01:51]} Rxe2+ {[%emt 0:00:49]} 23. Rxe2 {[%emt 0:00:46]} Bd1 {[%emt 0:00:57]} 24. Re1 {[%emt 0:05:18]} Bc2 {[%emt 0:00:22]} 25. Bg3 {[%emt 0:02:59]} Be4 {[%emt 0:07:15]} 26. h4 {[%emt 0:08:29]} h5 {[%emt 0:02:16]} 27. Bf1 {[%emt 0:07:26]} b5 {[%emt 0:05:19]} 28. Nf3 {[%emt 0:04:29]} Bxf3 {[%emt 0:04:32]} 29. Kxf3 {[%emt 0:00:06]} Nb3 {[%emt 0:00:35]} 30. Ke2 {[%emt 0:05:01]} Re8+ {[%emt 0:13:10]} 31. Kd1 {[%emt 0:00:14]} Ra8 {[%emt 0:02:06]} 32. Bf2 {[%emt 0:03:01]} Na5 {[%emt 0:00:38]} 33. Bg2 {[%emt 0:01:45]} Nc6 {[%emt 0:00:15]} 34. Kc2 {[%emt 0:01:03]} Rd8 {[%emt 0:00:23]} 35. Bf3 {[%emt 0:01:04]} Ne7 {[%emt 0:00:41]} 36. Re2 {[%emt 0:03:02]} Nc8 {[%emt 0:00:21]} 37. Kc1 {[%emt 0:01:14]} Nb6 {[%emt 0:00:22]} 38. Re1 {[%emt 0:00:43]} Na8 {[%emt 0:00:49]} 39. Re2 {[%emt 0:02:21]} Nc7 {[%emt 0:00:15]} 40. Re1 {[%emt 0:01:10]} Ne6 {[%emt 0:00:25]} 41. Bg3 {[%emt 0:04:24]} Ra8 {[%emt 0:02:47]} 42. Kb1 {[%emt 0:03:51]} Re8 {[%emt 0:01:47]} 43. Re2 {[%emt 0:01:51]} Kc6 {[%emt 0:06:29]} 44. Re1 {[%emt 0:00:52]} Nc7 {[%emt 0:00:49]} 45. Rxe8 {[%emt 0:00:22]} Nxe8 {[%emt 0:00:05]} 46. Kc2 {[%emt 0:02:59]} Nc7 {[%emt 0:01:10]} 47. Kd2 {[%emt 0:00:21]} Kd6 {[%emt 0:01:45]} 48. Bd1 {[%emt 0:02:44]} Ke6 {[%emt 0:00:47]} 49. Ke3 {[%emt 0:00:48]} Bf8 {[%emt 0:00:34]} 50. Bc2 {[%emt 0:01:09]} Ne8 {[%emt 0:00:26]} 51. Bd1 {[%emt 0:00:31]} Nd6 {[%emt 0:03:01]} 52. Bc2 {[%emt 0:00:27]} Ne4 {[%emt 0:00:47]} 53. Be1 {[%emt 0:00:08]} Bd6 {[%emt 0:00:25]} 54. Bd1 {[%emt 0:00:29]} Kd7 {[%emt 0:02:11]} 55. Bc2 {[%emt 0:01:31]} Bb8 {[%emt 0:00:45]} 56. Bd1 {[%emt 0:00:24]} Kc6 {[%emt 0:00:26]} 57. Bc2 {[%emt 0:00:52]} Nd6 {[%emt 0:00:39]} 58. Bd2 {[%emt 0:01:26]} Ne8 {[%emt 0:00:36]} 59. Be1 {[%emt 0:00:19]} Ng7 {[%emt 0:00:18]} 60. Bg3 {[%emt 0:00:29]} Ne6 {[%emt 0:00:24]} 61. Bd1 {[%emt 0:00:34]} Bd6 {[%emt 0:00:55]} 62. Bf3 {[%emt 0:01:03]} Nd8 {[%emt 0:02:59]} 63. Bd1 {[%emt 0:00:50]} Bc7 {[%emt 0:00:17]} 64. Bf3 {[%emt 0:00:27]} Kd6 {[%emt 0:00:11]} 65. Bd1 {[%emt 0:00:17]} Nc6 {[%emt 0:00:12]} 66. Bc2 {[%emt 0:00:51]} Na5 {[%emt 0:00:47]} 67. Bd1 {[%emt 0:01:07]} Ke6 {[%emt 0:01:26]} 68. Bc2 {[%emt 0:00:16]} Bd6 {[%emt 0:00:14]} 69. Bd1 {[%emt 0:00:18]} Kd7 {[%emt 0:00:13]} 70. Bc2 {[%emt 0:00:28]} Kc6 {[%emt 0:00:32]} 71. Bd1 {[%emt 0:01:42]} Nb3 {[%emt 0:03:58]} 72. Be2 {[%emt 0:04:13]} Nc1 {[%emt 0:02:49]} 73. Kd2 {[%emt 0:01:46]} Nb3+ {[%emt 0:00:36]} (73... Nxe2 $15 74. Kxe2 Kb6) 74. Ke3 {[%emt 0:00:04]} Kd7 {[%emt 0:00:52]} 75. Bf3 {[%emt 0:00:48]} Ke6 {[%emt 0:00:10]} 76. Be2 {[%emt 0:00:05]} Bb8 {[%emt 0:00:48]} 77. Bf3 {[%emt 0:00:46]} Bc7 {[%emt 0:00:30]} 78. Be2 {[%emt 0:00:20]} Bb6 {[%emt 0:00:34]} 79. Bd1 {[%emt 0:01:06]} Ba5 {[%emt 0:00:15]} 80. Bc2 {[%emt 0:02:42]} Bb6 {[%emt 0:00:51]} 81. Bd1 {[%emt 0:00:07]} Nc1 {[%emt 0:00:59]} 82. Bc2 {[%emt 0:00:53]} Nb3 {[%emt 0:00:31]} 83. Bd1 {[%emt 0:00:14]} Na5 {[%emt 0:00:33]} 84. Bc2 {[%emt 0:00:26]} Nc6 {[%emt 0:00:34]} 85. Bd1 {[%emt 0:00:28]} Ne7 {[%emt 0:00:28]} 86. Bc2 {[%emt 0:00:18]} Nc8 {[%emt 0:00:12]} 87. Bd1 {[%emt 0:00:16]} Nd6 {[%emt 0:00:07]} 88. Bc2 {[%emt 0:00:32]} Ne4 {[%emt 0:01:01]} 89. Be1 {[%emt 0:00:19]} Bc7 {[%emt 0:00:18]} 90. Bd1 {[%emt 0:00:15]} Bd6 {[%emt 0:00:40]} 91. Bc2 {[%emt 0:00:10]} b6 {[%emt 0:00:29]} 92. Bd1 {[%emt 0:00:08]} Kd7 {[%emt 0:01:40]} 93. Bc2 {[%emt 0:00:33]} Kc6 {[%emt 0:00:48]} 94. Bd1 {[%emt 0:00:20]} Be7 {[%emt 0:00:28]} 95. Bc2 {[%emt 0:00:11]} Nd6 {[%emt 0:00:19]} 96. Bd1 {[%emt 0:00:15]} Ne8 {[%emt 0:00:11]} 97. Bf3 {[%emt 0:00:19]} Nc7 {[%emt 0:00:20]} 98. Bg3 {[%emt 0:00:11]} Ne6 {[%emt 0:00:09]} 99. Bd1 {[%emt 0:00:26]} Bd6 {[%emt 0:00:25]} 100. Bf3 {[%emt 0:00:26]} Nc7 {[%emt 0:02:29]} 101. Bd1 {[%emt 0:00:18]} Kb7 {[%emt 0:01:06]} 102. Bc2 {[%emt 0:00:34]} Ka6 {[%emt 0:00:25]} 103. Bd1 {[%emt 0:00:29]} Ka5 {[%emt 0:00:12]} 104. Bc2 {[%emt 0:00:49]} Bf8 {[%emt 0:00:19]} 105. Be1 {[%emt 0:00:29]} Ne8 {[%emt 0:01:10]} 106. Bd1 {[%emt 0:00:22]} Nd6 {[%emt 0:00:34]} 107. Bc2 {[%emt 0:00:15]} Ne4 {[%emt 0:00:33]} 108. Bd1 {[%emt 0:00:08]} Ka6 {[%emt 0:03:01]} 109. Bc2 {[%emt 0:00:16]} Kb7 {[%emt 0:00:28]} 110. Bd1 {[%emt 0:00:05]} Kc6 {[%emt 0:00:04]} 111. Bc2 {[%emt 0:00:08]} Nd6 {[%emt 0:00:10]} 112. Bd1 {[%emt 0:00:17]} Nb7 {[%emt 0:00:15]} 113. Bc2 {[%emt 0:00:32]} Na5 {[%emt 0:00:18]} 114. Bg3 {[%emt 0:01:11]} Nb3 {[%emt 0:00:13]} 115. Bd1 {[%emt 0:00:37]} Bd6 {[%emt 0:00:28]} 116. Be2 {[%emt 0:00:10]} Nc1 {[%emt 0:00:32]} 117. Kd2 {[%emt 0:00:48]} Nxe2 {[%emt 0:00:22]} 118. Kxe2 {[%emt 0:00:04]} Kb7 {[%emt 0:01:49]} 119. Kd2 {[%emt 0:00:26]} Ka6 {[%emt 0:00:14]} 120. Kc2 {[%emt 0:00:17]} Ka5 {[%emt 0:00:07]} 121. Kb1 $11 {[%emt 0:00:12]} Ka4 {[%emt 0:01:03]} 122. Ka2 {[%emt 0:02:44]} Bb8 {[%emt 0:00:09]} 123. Bh2 {[%emt 0:00:08]} Bc7 {[%emt 0:00:04]} 124. Bg3 {[%emt 0:00:05]} Bb8 {[%emt 0:00:10]} 125. Bh2 {[%emt 0:00:04]} Bc7 {[%emt 0:00:04]} 126. Bg3 {[%emt 0:00:02]} Bd6 {[%emt 0:00:04]} 127. Bh2 {[%emt 0:00:13]} Bc7 {[%emt 0:04:05]} 1/2-1/2